00584nam a2200193Ia 4500003000400000005001700004008004100021020002200062040000700084041000800091082002400099100004300123245008000166260004800246300001800294365001300312650002500325650004000350OSt20230622154541.0210423s2010 xx 000 0 und d a978-1-4221-5763-3 cAL aeng a658.4012 223bBARW aBARNEY (Jay B);CLIFFORD (Trish Gorman) aWhat I didnt learn in business school: how strategy works in the real world aBostonbHarvard Business Review Pressc2010 axxiii,234bHB b895cINR aExecutive Management aManagement & Auxiliary Services 650